000 00522nam a2200181Ia 4500
005 20250326142728.0
008 250326s9999 xx 000 0 und d
037 _aTextbook
040 _aFMSL
_beng
_cFMSL
041 _aeng
_2eng
084 _aB280bX M3
_qFMSL
100 _aVanmatre J G
_9746514
245 0 _aStatistics for business and economics
_cVanmatre J G; Glibreath G H
260 _aAmerica
_bAmerica, Business
_c1983
300 _a636p
942 _cTB
_hB280bX M3
999 _c1296388
_d1296388